| 000 | 00890nam a2200169Ia 4500 | ||
|---|---|---|---|
| 008 | 100204s9999 xx 000 0 und d | ||
| 082 | _b28224 | ||
| 100 | _aबियाणी प्रकाशक माहेश्वरी कमलेश | ||
| 245 | _a"लक्ष्मीनिवास मित्तल,स्टील किंग याच्या यशाची कहाणी" | ||
| 250 | _a0 | ||
| 260 | _c2008 | ||
| 300 | _a111 | ||
| 630 | _a"लक्ष्मीनिवास मित्तल,स्टील किंग याच्या यशाची कहाणी" | ||
| 700 | _aदेशपांडे रेणुकादास गंगाधरराव | ||
| 730 | _a"लक्ष्मीनिवास मित्तल,स्टील किंग याच्या यशाची कहाणी" | ||
| 942 | _cBOOK | ||
| 999 |
_c473393 _d473390 |
||